Statistics for -Ade Vocabulary Words #2

Click here to take the quiz!

General Stats

  • This quiz has been taken 1,126 times
  • The average score is 12 of 20

Answer Stats

definitionword% Correct
Nice place to be when the sun is too hotShade
95%
Sweet drinkLemonade
94%
What a sword or razor hasBlade
91%
Exchange of goodsTrade
87%
Common on your country's National DayParade
84%
A silent guessing game{Charade}s
80%
How Communists address each otherComrade
77%
Walk slowly through water, swamps or mudWade
76%
Gradually lose brightnessFade
74%
An angry, bitter speechTirade
68%
Change from Economy to BusinessUpgrade
59%
Created artificially, not naturallyManmade
58%
Break down, or wear downDegrade
47%
Leisurely walk in public for pleasure or displayPromenade
47%
Weapon of warGrenade
46%
Procession of vehiclesMotorcade
42%
Advise againstDissuade
34%
To scale by ladders (also a vehicle model)Escalade
24%
Ornamental railingBalustrade
22%
To spread throughoutPervade
12%

Score Distribution

Percentile by Number Answered

Percent of People with Each Score

Your Score History

You have not taken this quiz